<?xml version="1.0" encoding="UTF-8"?>
<collection xmlns="http://www.loc.gov/MARC21/slim">
 <record>
  <leader>06458cam a2200949   4500</leader>
  <controlfield tag="001">1428861661</controlfield>
  <controlfield tag="003">DE-627</controlfield>
  <controlfield tag="005">20241015082325.0</controlfield>
  <controlfield tag="007">tu</controlfield>
  <controlfield tag="008">120215s2012    gw ||||| m    00| ||ger c</controlfield>
  <datafield tag="015" ind1=" " ind2=" ">
   <subfield code="a">11,N51</subfield>
   <subfield code="2">dnb</subfield>
  </datafield>
  <datafield tag="015" ind1=" " ind2=" ">
   <subfield code="a">11,N51</subfield>
   <subfield code="2">dnb</subfield>
  </datafield>
  <datafield tag="016" ind1="7" ind2=" ">
   <subfield code="a">1017864292</subfield>
   <subfield code="2">DE-101</subfield>
  </datafield>
  <datafield tag="020" ind1=" " ind2=" ">
   <subfield code="a">9783786126652</subfield>
   <subfield code="c">Gb. : EUR 69.00 (DE), ca. EUR 71.00 (AT), ca. sfr 92.50 (freier Pr.)</subfield>
   <subfield code="9">978-3-7861-2665-2</subfield>
  </datafield>
  <datafield tag="024" ind1="3" ind2=" ">
   <subfield code="a">9783786126652</subfield>
  </datafield>
  <datafield tag="035" ind1=" " ind2=" ">
   <subfield code="a">(DE-627)1428861661</subfield>
  </datafield>
  <datafield tag="035" ind1=" " ind2=" ">
   <subfield code="a">(DE-576)358861667</subfield>
  </datafield>
  <datafield tag="035" ind1=" " ind2=" ">
   <subfield code="a">(DE-599)DNB1017864292</subfield>
  </datafield>
  <datafield tag="035" ind1=" " ind2=" ">
   <subfield code="a">(OCoLC)775065891</subfield>
  </datafield>
  <datafield tag="035" ind1=" " ind2=" ">
   <subfield code="a">(OCoLC)780357543</subfield>
  </datafield>
  <datafield tag="035" ind1=" " ind2=" ">
   <subfield code="a">(OCoLC)938767793</subfield>
  </datafield>
  <datafield tag="040" ind1=" " ind2=" ">
   <subfield code="a">DE-627</subfield>
   <subfield code="b">ger</subfield>
   <subfield code="c">DE-627</subfield>
   <subfield code="e">rakwb</subfield>
  </datafield>
  <datafield tag="041" ind1=" " ind2=" ">
   <subfield code="a">ger</subfield>
  </datafield>
  <datafield tag="044" ind1=" " ind2=" ">
   <subfield code="c">XA-DE-BE</subfield>
  </datafield>
  <datafield tag="050" ind1=" " ind2="0">
   <subfield code="a">NA6403.G3</subfield>
  </datafield>
  <datafield tag="082" ind1="0" ind2=" ">
   <subfield code="a">724.6</subfield>
  </datafield>
  <datafield tag="082" ind1="0" ind2="4">
   <subfield code="a">720</subfield>
   <subfield code="q">DNB</subfield>
  </datafield>
  <datafield tag="084" ind1=" " ind2=" ">
   <subfield code="a">9,10</subfield>
   <subfield code="2">ssgn</subfield>
  </datafield>
  <datafield tag="084" ind1=" " ind2=" ">
   <subfield code="a">ZH 6600</subfield>
   <subfield code="2">rvk</subfield>
   <subfield code="0">(DE-625)rvk/156227:</subfield>
  </datafield>
  <datafield tag="084" ind1=" " ind2=" ">
   <subfield code="a">LK 79904</subfield>
   <subfield code="q">BVB</subfield>
   <subfield code="2">rvk</subfield>
   <subfield code="0">(DE-625)rvk/98300:158</subfield>
  </datafield>
  <datafield tag="084" ind1=" " ind2=" ">
   <subfield code="a">LH 67774</subfield>
   <subfield code="q">BVB</subfield>
   <subfield code="2">rvk</subfield>
   <subfield code="0">(DE-625)rvk/94689:158</subfield>
  </datafield>
  <datafield tag="084" ind1=" " ind2=" ">
   <subfield code="a">56.83</subfield>
   <subfield code="2">bkl</subfield>
  </datafield>
  <datafield tag="084" ind1=" " ind2=" ">
   <subfield code="a">20.07</subfield>
   <subfield code="2">bkl</subfield>
  </datafield>
  <datafield tag="084" ind1=" " ind2=" ">
   <subfield code="a">05.33</subfield>
   <subfield code="2">bkl</subfield>
  </datafield>
  <datafield tag="090" ind1=" " ind2=" ">
   <subfield code="a">a</subfield>
  </datafield>
  <datafield tag="100" ind1="1" ind2=" ">
   <subfield code="a">Fischer, Rudolf</subfield>
   <subfield code="0">(DE-588)141510013</subfield>
   <subfield code="0">(DE-627)703997378</subfield>
   <subfield code="0">(DE-576)324209738</subfield>
   <subfield code="4">aut</subfield>
  </datafield>
  <datafield tag="245" ind1="1" ind2="0">
   <subfield code="a">Licht und Transparenz</subfield>
   <subfield code="b">der Fabrikbau und das Neue Bauen in den Architekturzeitschriften der Moderne</subfield>
   <subfield code="c">Rudolf Fischer</subfield>
  </datafield>
  <datafield tag="264" ind1=" " ind2="1">
   <subfield code="a">Berlin</subfield>
   <subfield code="b">Mann</subfield>
   <subfield code="c">2012</subfield>
  </datafield>
  <datafield tag="300" ind1=" " ind2=" ">
   <subfield code="a">339 S.</subfield>
   <subfield code="b">Ill.</subfield>
   <subfield code="c">240 mm x 170 mm</subfield>
  </datafield>
  <datafield tag="336" ind1=" " ind2=" ">
   <subfield code="a">Text</subfield>
   <subfield code="b">txt</subfield>
   <subfield code="2">rdacontent</subfield>
  </datafield>
  <datafield tag="337" ind1=" " ind2=" ">
   <subfield code="a">ohne Hilfsmittel zu benutzen</subfield>
   <subfield code="b">n</subfield>
   <subfield code="2">rdamedia</subfield>
  </datafield>
  <datafield tag="338" ind1=" " ind2=" ">
   <subfield code="a">Band</subfield>
   <subfield code="b">nc</subfield>
   <subfield code="2">rdacarrier</subfield>
  </datafield>
  <datafield tag="490" ind1="1" ind2=" ">
   <subfield code="a">Studien zur Architektur der Moderne und industriellen Gestaltung</subfield>
   <subfield code="v">2</subfield>
  </datafield>
  <datafield tag="502" ind1=" " ind2=" ">
   <subfield code="a">Teilw. zugl.: München, Univ., Diss., 2009</subfield>
  </datafield>
  <datafield tag="520" ind1=" " ind2=" ">
   <subfield code="a">In der ersten Hälfte des 20. Jahrhunderts entstanden innovative Fabrikgebäude, die in der zeitgenössischen Fachpresse intensiv diskutiert wurden - als Inkunabeln der Moderne. Im Zusammenspiel von Architektur und Ingenieurwesen bei der Entwicklung gläserner Fassaden wurde der Fabrikbau zum Wegbereiter der modernen Architektur. -  - In der Diskussion um die architektonische Moderne wird heute oft die zentrale Rolle des Fabrikbaus übersehen. Nach der Gründung des Deutschen Werkbundes 1907 sahen Architekten jedoch gerade in den Bauaufgaben der Industrie die Gelegenheit, eine neue Architektursprache jenseits traditioneller Strömungen zu entwickeln. Damit wurde die Frage nach dem Verhältnis von Architekt und Ingenieur zu einem Streitpunkt in den einschlägigen Debatten. Adolf Behne stellte 1913 fest, der Industriebau sei &quot;eine heute fast populäre Angelegenheit&quot;, der das Publikum mehr Aufmerksamkeit schenke als dem Kirchenbau oder der Theaterarchitektur. Nach dem Ersten Weltkrieg ermöglichten neue Techniken und Materialien kühne Stahlkonstruktionen und die komplette Auflösung der Fassade. Als Höhepunkt dieser Entwicklung entstehen ab Ende der 1920er Jahre Tageslichtfabriken mit vorgehängter Glasfassade. Entwickelt von einer neuen Generation von Industriearchitekten, werden sie zu Wegbereitern der modernen Architektur. Architekturzeitschriften steuerten die Rezeption der Bauten und trugen zur Popularisierung des Industriebaus bei</subfield>
  </datafield>
  <datafield tag="583" ind1="1" ind2=" ">
   <subfield code="a">Archivierung/Langzeitarchivierung gewährleistet</subfield>
   <subfield code="f">SSG</subfield>
   <subfield code="x">XA-DE-BW</subfield>
   <subfield code="2">pdager</subfield>
   <subfield code="5">DE-16</subfield>
  </datafield>
  <datafield tag="650" ind1=" " ind2="0">
   <subfield code="a">Architecture, Industrial</subfield>
   <subfield code="z">Germany</subfield>
   <subfield code="y">20th century</subfield>
  </datafield>
  <datafield tag="650" ind1=" " ind2="0">
   <subfield code="a">Lighting, Architectural and decorative</subfield>
   <subfield code="y">20th century</subfield>
  </datafield>
  <datafield tag="650" ind1=" " ind2="0">
   <subfield code="a">Architecture, Modern</subfield>
   <subfield code="y">20th century</subfield>
  </datafield>
  <datafield tag="650" ind1=" " ind2="0">
   <subfield code="a">Architecture</subfield>
   <subfield code="v">Periodicals</subfield>
   <subfield code="y">20th century</subfield>
  </datafield>
  <datafield tag="655" ind1=" " ind2="7">
   <subfield code="a">Hochschulschrift</subfield>
   <subfield code="0">(DE-588)4113937-9</subfield>
   <subfield code="0">(DE-627)105825778</subfield>
   <subfield code="0">(DE-576)209480580</subfield>
   <subfield code="2">gnd-content</subfield>
  </datafield>
  <datafield tag="689" ind1="0" ind2="0">
   <subfield code="d">s</subfield>
   <subfield code="0">(DE-588)4026808-1</subfield>
   <subfield code="0">(DE-627)104610077</subfield>
   <subfield code="0">(DE-576)208968091</subfield>
   <subfield code="a">Industriebau</subfield>
   <subfield code="2">gnd</subfield>
  </datafield>
  <datafield tag="689" ind1="0" ind2="1">
   <subfield code="d">s</subfield>
   <subfield code="0">(DE-588)4002760-0</subfield>
   <subfield code="0">(DE-627)104643099</subfield>
   <subfield code="0">(DE-576)208848576</subfield>
   <subfield code="a">Arbeitsplatzbeleuchtung</subfield>
   <subfield code="2">gnd</subfield>
  </datafield>
  <datafield tag="689" ind1="0" ind2="2">
   <subfield code="d">s</subfield>
   <subfield code="0">(DE-588)4126950-0</subfield>
   <subfield code="0">(DE-627)105728446</subfield>
   <subfield code="0">(DE-576)209589477</subfield>
   <subfield code="a">Tageslicht</subfield>
   <subfield code="2">gnd</subfield>
  </datafield>
  <datafield tag="689" ind1="0" ind2="3">
   <subfield code="d">s</subfield>
   <subfield code="0">(DE-588)4273413-7</subfield>
   <subfield code="0">(DE-627)104478772</subfield>
   <subfield code="0">(DE-576)210698373</subfield>
   <subfield code="a">Architekturzeitschrift</subfield>
   <subfield code="2">gnd</subfield>
  </datafield>
  <datafield tag="689" ind1="0" ind2="4">
   <subfield code="a">z</subfield>
   <subfield code="2">gnd</subfield>
   <subfield code="a">Geschichte 1900-1944</subfield>
  </datafield>
  <datafield tag="689" ind1="0" ind2=" ">
   <subfield code="5">DE-101</subfield>
  </datafield>
  <datafield tag="710" ind1="2" ind2=" ">
   <subfield code="a">Zentralinstitut für Kunstgeschichte</subfield>
   <subfield code="0">(DE-588)39027-6</subfield>
   <subfield code="0">(DE-627)10089108X</subfield>
   <subfield code="0">(DE-576)190362650</subfield>
   <subfield code="4">oth</subfield>
  </datafield>
  <datafield tag="751" ind1=" " ind2=" ">
   <subfield code="a">München</subfield>
   <subfield code="0">(DE-588)4127793-4</subfield>
   <subfield code="0">(DE-627)105722073</subfield>
   <subfield code="0">(DE-576)209596570</subfield>
   <subfield code="4">uvp</subfield>
  </datafield>
  <datafield tag="787" ind1="0" ind2="8">
   <subfield code="i">Rezensiert in</subfield>
   <subfield code="a">Hilliges, Marion</subfield>
   <subfield code="t">[Rezension von: Rudolf Fischer, Licht und Transparenz. Der Fabrikbau und das Neue Bauen in den Architekturzeitschriften der Moderne]</subfield>
   <subfield code="d">2015</subfield>
   <subfield code="w">(DE-627)184487365X</subfield>
  </datafield>
  <datafield tag="830" ind1=" " ind2="0">
   <subfield code="a">Studien zur Architektur der Moderne und industriellen Gestaltung</subfield>
   <subfield code="v">2</subfield>
   <subfield code="9">2</subfield>
   <subfield code="w">(DE-627)718683390</subfield>
   <subfield code="w">(DE-576)497563819</subfield>
   <subfield code="w">(DE-600)2665041-1</subfield>
   <subfield code="7">ns</subfield>
  </datafield>
  <datafield tag="856" ind1="4" ind2="2">
   <subfield code="u">https://swbplus.bsz-bw.de/bsz358861667rez.htm</subfield>
   <subfield code="m">B:DE-576;DE-16</subfield>
   <subfield code="q">application/pdf</subfield>
   <subfield code="v">20150521132215</subfield>
   <subfield code="x">Verlag</subfield>
   <subfield code="3">Rezension</subfield>
  </datafield>
  <datafield tag="856" ind1="4" ind2="2">
   <subfield code="u">http://deposit.dnb.de/cgi-bin/dokserv?id=3935501&amp;prov=M&amp;dok_var=1&amp;dok_ext=htm</subfield>
   <subfield code="m">X:MVB</subfield>
   <subfield code="q">text/html</subfield>
   <subfield code="3">Inhaltstext</subfield>
  </datafield>
  <datafield tag="856" ind1="4" ind2="2">
   <subfield code="u">http://www.gbv.de/dms/weimar/toc/680353291_toc.pdf</subfield>
   <subfield code="m">V:DE-601</subfield>
   <subfield code="m">B:DE-Wim2</subfield>
   <subfield code="x">Verlag</subfield>
   <subfield code="y">Inhaltsverzeichnis</subfield>
   <subfield code="3">Inhaltsverzeichnis</subfield>
  </datafield>
  <datafield tag="889" ind1=" " ind2=" ">
   <subfield code="w">(DE-627)680353291</subfield>
  </datafield>
  <datafield tag="935" ind1=" " ind2=" ">
   <subfield code="a">BGTS</subfield>
  </datafield>
  <datafield tag="935" ind1=" " ind2=" ">
   <subfield code="i">mdedup</subfield>
  </datafield>
  <datafield tag="935" ind1=" " ind2=" ">
   <subfield code="i">sf</subfield>
  </datafield>
  <datafield tag="936" ind1="r" ind2="v">
   <subfield code="a">ZH 6600</subfield>
   <subfield code="b">Industriegebäude; Industrieanlagen</subfield>
   <subfield code="k">Technik</subfield>
   <subfield code="k">Architektur</subfield>
   <subfield code="k">Wirtschaftsgebäude; gewerbliche Bauten allgemein</subfield>
   <subfield code="k">Industriegebäude; Industrieanlagen</subfield>
   <subfield code="0">(DE-627)1270742841</subfield>
   <subfield code="0">(DE-625)rvk/156227:</subfield>
   <subfield code="0">(DE-576)200742841</subfield>
  </datafield>
  <datafield tag="936" ind1="r" ind2="v">
   <subfield code="a">LK 79904</subfield>
   <subfield code="b">19. und 20. Jahrhundert</subfield>
   <subfield code="k">Kunstgeschichte</subfield>
   <subfield code="k">Kunst nach Ländern bzw. Kontinenten</subfield>
   <subfield code="k">Deutschland</subfield>
   <subfield code="k">Deutsche Kunstgeschichte nach Gattungen</subfield>
   <subfield code="k">Architektur</subfield>
   <subfield code="k">Ordnung nach Aufgaben</subfield>
   <subfield code="k">Industriebauten, Fabriken, Verkehrsbauten</subfield>
   <subfield code="k">19. und 20. Jahrhundert</subfield>
   <subfield code="0">(DE-627)1271689154</subfield>
   <subfield code="0">(DE-625)rvk/98300:158</subfield>
   <subfield code="0">(DE-576)201689154</subfield>
  </datafield>
  <datafield tag="936" ind1="r" ind2="v">
   <subfield code="a">LH 67774</subfield>
   <subfield code="b">19. und 20. Jahrhundert</subfield>
   <subfield code="k">Kunstgeschichte</subfield>
   <subfield code="k">Allgemeines. Allgemeine Kunstgeschichte</subfield>
   <subfield code="k">Kunstgeschichte einzelner Gattungen der Kunst</subfield>
   <subfield code="k">Architektur</subfield>
   <subfield code="k">Ordnung nach Aufgaben</subfield>
   <subfield code="k">Industriebauten, Fabriken; Bauten der Dienstleistungsgewerbe; Verkehrsbauten</subfield>
   <subfield code="k">19. und 20. Jahrhundert</subfield>
   <subfield code="0">(DE-627)1271477955</subfield>
   <subfield code="0">(DE-625)rvk/94689:158</subfield>
   <subfield code="0">(DE-576)201477955</subfield>
  </datafield>
  <datafield tag="936" ind1="b" ind2="k">
   <subfield code="a">56.83</subfield>
   <subfield code="j">Industriebau</subfield>
   <subfield code="0">(DE-627)121826120</subfield>
  </datafield>
  <datafield tag="936" ind1="b" ind2="k">
   <subfield code="a">20.07</subfield>
   <subfield code="j">Kunstkritik</subfield>
   <subfield code="j">Kunstinterpretation</subfield>
   <subfield code="0">(DE-627)106406280</subfield>
  </datafield>
  <datafield tag="936" ind1="b" ind2="k">
   <subfield code="a">05.33</subfield>
   <subfield code="j">Pressewesen</subfield>
   <subfield code="0">(DE-627)10641514X</subfield>
  </datafield>
  <datafield tag="951" ind1=" " ind2=" ">
   <subfield code="a">BO</subfield>
  </datafield>
  <datafield tag="990" ind1=" " ind2=" ">
   <subfield code="a">Industriebau</subfield>
  </datafield>
  <datafield tag="990" ind1=" " ind2=" ">
   <subfield code="a">Arbeitsplatzbeleuchtung</subfield>
  </datafield>
  <datafield tag="990" ind1=" " ind2=" ">
   <subfield code="a">Tageslicht</subfield>
  </datafield>
  <datafield tag="990" ind1=" " ind2=" ">
   <subfield code="a">Architekturzeitschrift</subfield>
  </datafield>
  <datafield tag="990" ind1=" " ind2=" ">
   <subfield code="a">Geschichte 1900-1944</subfield>
  </datafield>
  <datafield tag="991" ind1=" " ind2=" ">
   <subfield code="a">Rezensiertes Werk</subfield>
  </datafield>
  <datafield tag="999" ind1=" " ind2=" ">
   <subfield code="a">KXP-PPN1428861661</subfield>
   <subfield code="e">4323159137</subfield>
  </datafield>
 </record>
</collection>
